Unions in a globalized environment : changing borders, organizational boundaries, and social roles /

Bibliographic Details
Other Authors: Nissen, Bruce, 1948- (Editor)
Format: eBook
Language:English
Published: London, [England] ; New York, New York : Routledge, 2015.
Subjects:
Online Access:Click to View
LEADER 01878nam a2200445 i 4500
001 EBC4692254
003 MiAaPQ
005 20200520144314.0
006 m o d |
007 cr cnu||||||||
008 160930t20152002enk ob 001 0 eng d
020 |z 9780765608703 
020 |z 9780765608697 
020 |a 9781315291000  |q (electronic bk.) 
035 |a (MiAaPQ)EBC4692254 
035 |a (Au-PeEL)EBL4692254 
035 |a (CaPaEBR)ebr11268739 
035 |a (CaONFJC)MIL955857 
035 |a (OCoLC)959150041 
040 |a MiAaPQ  |b eng  |e rda  |e pn  |c MiAaPQ  |d MiAaPQ 
050 4 |a HD6483  |b .U556 2015 
082 0 |a 331.88/091  |2 21 
245 0 0 |a Unions in a globalized environment :  |b changing borders, organizational boundaries, and social roles /  |c Bruce Nissen, editor. 
264 1 |a London, [England] ;  |a New York, New York :  |b Routledge,  |c 2015. 
264 4 |c 2002 
300 |a 1 online resource (302 pages) 
336 |a text  |2 rdacontent 
337 |a computer  |2 rdamedia 
338 |a online resource  |2 rdacarrier 
504 |a Includes bibliographical references and index. 
588 |a Description based on print version record. 
590 |a Electronic reproduction. Ann Arbor, MI : ProQuest, 2016. Available via World Wide Web. Access may be limited to ProQuest affiliated libraries. 
650 0 |a Labor unions. 
650 0 |a Foreign trade and employment. 
650 0 |a Globalization  |x Economic aspects. 
655 4 |a Electronic books. 
700 1 |a Nissen, Bruce,  |d 1948-  |e editor. 
776 0 8 |i Print version:  |t Unions in a globalized environment : changing borders, organizational boundaries, and social roles.  |d London, [England] ; New York, New York : Routledge, 2015, c2002   |h viii, 293 pages   |z 9780765608697   |w 2001049525 
797 2 |a ProQuest (Firm) 
856 4 0 |u https://ebookcentral.proquest.com/lib/matrademy/detail.action?docID=4692254  |z Click to View